LIBRARY & INFORMATION CENTRE, KCAET, TAVANUR

ONLINE PUBLIC ACCESS CATALOGUE (OPAC)

Text book of RCC Design / (Record no. 1689)

MARC details
000 -LEADER
fixed length control field 00347cam a2200145ua 4500
003 - CONTROL NUMBER IDENTIFIER
control field OSt
008 - FIXED-LENGTH DATA ELEMENTS--GENERAL INFORMATION
fixed length control field 250707b |||||||| |||| 00| 0 eng d
082 ## - DEWEY DECIMAL CLASSIFICATION NUMBER
Classification number 624.18341
Item number DES/TE
100 ## - MAIN ENTRY--AUTHOR NAME
Personal name Deshpande, R.S.
245 ## - TITLE STATEMENT
Title Text book of RCC Design /
250 ## - EDITION STATEMENT
Edition statement 6 /
260 ## - PUBLICATION, DISTRIBUTION, ETC. (IMPRINT)
Place of publication Poona :
Name of publisher Saraswat colony ,
Year of publication 1965.
300 ## - PHYSICAL DESCRIPTION
Number of Pages 394 ; .
942 ## - ADDED ENTRY ELEMENTS (KOHA)
Koha item type Books
Holdings
Withdrawn status Lost status Damaged status Home library Current library Date acquired Full call number Accession Number Koha item type
      KAUAET KAUAET 07/04/2012 624.18341 DES/TE 11302 Books
free website counter